| 000 | 00461nam a2200133Ia 4500 | ||
|---|---|---|---|
| 008 | 171212s9999 xx 000 0 und d | ||
| 020 | _a9781846318290 | ||
| 100 | _aBhattacharya, Nandini | ||
| 245 |
_cBhattacharya, Nandini _aContagion and Enclaves _bTropical Medicine in Colonial India |
||
| 260 |
_bLiverpool University Press _c2012 |
||
| 440 | _aPostcolonialism Across the Disciplines | ||
| 650 | _aHistory | ||
| 856 | _uhttp://www.jstor.org/stable/j.ctt5vjf2j | ||
| 999 |
_c351492 _d351492 |
||